Vista normal Vista MARC

Entrada Corporate Name

Número de registros utilizados en: 3

001 - CONTROL NUMBER

  • control field: 3663

003 - CONTROL NUMBER IDENTIFIER

  • control field: OSt

005 - DATE AND TIME OF LATEST TRANSACTION

  • control field: 20200429144455.0

008 - FIXED-LENGTH DATA ELEMENTS

  • fixed length control field: 200429|| aca||aabn | a|a d

040 ## - CATALOGING SOURCE

  • Original cataloging agency: OSt
  • Transcribing agency: OSt

110 ## - HEADING--CORPORATE NAME

  • Corporate name or jurisdiction name as entry element: Colombia.
  • Subordinate unit: Ministerio del Interior

670 ## - SOURCE DATA FOUND

  • Source citation: Work cat.: (OSt)5866: Colombia. Ministerio del Interior, Unidad de recepción inmediata para la transparencia electoral-Uriel / , 2013